MDQL
is popping MORE tags! Check the
thread
!
Quizzes
Events
Quiz Creation
Community
Videos
Private Events
Remove Ads
Sign In
Join for FREE
Feedback
Dark Mode
Quiz Categories
Sports
Geography
Music
Movies
Television
Just For Fun
Miscellaneous
History
Literature
Language
Science
Gaming
Entertainment
Religion
Holiday
For Kids
Quiz Lab
Recent
Popular Today
Quiz Kudos Today
Editor Picks
Curator Picks
Quizzes by...
Day
Popularity
Type
Ratings
Length
Year
Community
Subscriptions
Recent Discussions
Orange Saloon
Badges
Playlists
Quests
Create
Leaderboards
Showdown
Live 5
Trivia Bingo
Activity
Puzzle Library
Sporcle Events
Private Events
Virtual Trivia
Globe League
Become a Host
Pub Owners
SporcleCon
Opinionation
Our Games
Videos
Blog
Mobile Apps
Partnerships
Remove Ads and Go Orange
Feedback
Movies
Disney
Marvel Cinematic Universe
Movie Resume
Movie Titles
Oscar
Actor
Actress
Director
Pixar
Role
Movie Quotes
Movie Characters
Box Office
Nominee
Best Picture
Star Wars
James Bond
Horror Movies
Movies
Disney
Marvel Cinematic Universe
Movie Resume
Movie Titles
Oscar
Actor
Actress
Director
Pixar
Role
Movie Quotes
Movie Characters
Box Office
Nominee
Best Picture
Star Wars
James Bond
Horror Movies
Random Quiz
Search Sporcle
×
Quiz Lab
Quiz Lab
Movies
Moderate
Type in answers that appear in a list
Type in answers that appear in a list
Classic
Best Score? Go Orange.
Hitchcock Movie by Screenshot (Moderate) Stats
Can you name the Alfred Hitchcock movie by a screenshot from the movie?
By
NYYCano24
5m
16 Questions
669 Plays
669 Plays
669 Plays
Comments
Comments
Give Quiz Kudos
Give Quiz Kudos
-
- Ratings
hide this ad
Forced Order
Answers have to be entered in order
Answers have to be entered in order
Replay
Link that replays current quiz
Next Quiz
Link to next quiz in quiz playlist
You Got
0%
They Got
Avg Score
65%
Avg Friend Score
Upgrade to see
Score Distribution
Jump to the score distribution portion of the page
Score
0/16
Timer
05:00
0
Plays Today
#
Movie Name
% Correct
2
Rear Window
96%
5
North by Northwest
92.4%
10
Vertigo
90.9%
8
Rebecca
87.6%
16
Psycho
87.6%
7
To Catch a Thief
82.7%
6
Suspicion
72.5%
14
Dial 'M' for Murder
72%
#
Movie Name
% Correct
3
I Confess
66.7%
4
Lifeboat
61%
12
The Birds
57.1%
1
The Lady Vanishes
54.6%
9
Stage Fright
44.7%
13
Foreign Correspondent
42.3%
15
Sabotage
23.9%
11
Young and Innocent
23.8%
Quiz Playlist
Details
Report
Send in Message
Add To Playlist
Classic:
Type in answers that appear in a list
Forced Order:
Answers have to be entered in order
Last Updated: Apr 26, 2018
Quiz Scoreboard
CHALLENGE
Sign Up to Join the Scoreboard
Show All
Scores
Hide
Comments
May contain spoilers
Recently Published
Colored Red Africa Blitz
by spor1
Geography
30s
Find the 'City' Movie
by crazypaving
Movies
60s
5x2 Blitz: Bands
by SL_Kpop136
Music
30s
More to Explore
Quiz From the Vault
Featured Blog Post
14 Easter Pick-up Lines to Find Eggs With
hide this ad
You Might Also Like...
Tags
Alfred
Alfred Hitchcock
Moderate
screenshot
Today's Top Quizzes in Movies
Browse Movies
hide this ad
Today's Top Quizzes in Moderate
Browse Moderate
Top Contributed Quizzes in Movies
1
Find The 'Big' Movie
2
Find The 'Wild' Movie
3
Find The 'Blue' Movie
4
Movies By Plot
5
Pick 5 Posters: Directed by Spielberg
6
Hidden Star Wars Character II
7
Hidden Star Wars Character III
8
Hidden Star Wars Character IV
9
Alfred Hitchcock Movies by Plot
10
Hidden Star Wars Character V
Explore More
Trending Topics
Harry Potter
Crossword
Marvel
Disney
NBA
Anime
Kpop
WWE
Pokémon
Puzzle
The Office
Song
NFL
Soccer
Country
hide this ad
More By:
NYYCano24
Quiz
Plays
Rating
Category
Featured
Created
MLB Stat by Career Leaders
34,612
3.40
Sports
Mar 14, 2011
MLB Career Outfield Assists
2,715
4.37
Sports
Mar 8, 2011
Big East Basketball Teams, East to West
2,002
3.60
Sports
Mar 24, 2011
MLB Hall of Fame 'Team Players'
486
4.22
Sports
Mar 9, 2011
Alfred Hitchcock Movie by Tagline
485
5.00
Movies
Jan 27, 2011
Go to Creator's Profile
Score Distribution
Quiz Creator Spotlight
NYYCano24
Follow
Send a Message
Quizzes Created
-
Created Quiz Play Count
-
More By This Creator
Popular Quizzes Today
1
Find the 'City' Movie
2
Colored Red Africa Blitz
3
5x2 Blitz: Bands
4
Find the US States - No Outlines Minefield
5
The Countries of the World
6
Find the US States
7
9x9 Crossword: Cartoon Network
8
US States
More Movies Quizzes
Disney Villain Characters
Curator's Pick
Trending Quizzes
Colored Red Europe Blitz I
Colored Red Africa Blitz II
Colored Red Africa Blitz III
Colored Red Europe Blitz III
Colored Red Europe Blitz II
Recently Updated
Champions League XIs: Real Madrid
pecheneg
Largest US Cities 1790-2010
pecheneg
Rides in Walt Disney World
pecheneg
Most Oscar Losses (Acting)
pecheneg
Beyoncé Albums
pecheneg
Leaping Animals
pecheneg
Reality TV Shows (A-Z)
bhenderson79
Rickey Henderson's Hall of Fame Teammates
pecheneg
Champions League XIs: Arsenal
pecheneg
Quick Pick: Celebrities in WWE's Hall of Fame
aduchscher
Trending Topics
Anime
Crossword
Disney
Kpop
Marvel
NBA
Harry Potter
Pokémon
Country
The Office
Soccer
WWE
NFL
Song
Puzzle
Your Account Isn't Verified!
In order to create a playlist on Sporcle, you need to verify the email address you used during registration. Go to your
Sporcle Settings
to finish the process.
Report this User
Report this user for behavior that violates our
Community Guidelines
.
Details:
Send Report
Go to the Sporcle.com Mobile Site →
Comments